Statistiken für Themenbereiche des Phantasialands

Klicken Sie hier um das Quiz zu spielen!

Allgemein

  • Dieses Quiz wurde 13 mal gespielt
  • Das Durchschnittsergebnis liegt bei 4 aus 8

Antwortstatistiken

StatusEröffnung /
Bestehen
ThemenbereichHauptattraktion% Korrekt
Heute1970BerlinF.L.Y.,
Maus-au-Chocolat
92%
Heute1973 / 1997MexicoChiapas,
Colorado Adventure
92%
Heute1981China TownGeister Rikscha
50%
Heute2002FantasyWinja's Fear,
Winja's Force
50%
Heute2006Deep in AfricaBlack Mamba
42%
Heute1998MysteryTaron,
River Quest
42%
Ehemals1993-2008KinderlandBienchenflug,
Ballonfahrt
8%
Ehemals1974-2008Silver CitySilbermine
8%

Verteilung der Resultate

Perzentil nach korrekt beantworteten Fragen

Anzahl Personen mit jedem Resultat

Ihre Resultats-Entwicklung

Sie haben dieses Quiz noch nicht gespielt